Bartal, Juraj právny historik, verejný činiteľ, statkár (2. 4. 1785 Trávnik, okr. Komárno - 20. 9. 1865 Kráľovičove Kračany-Etreove Kračany, okr. Dunajská Streda)

Bibliographic Details
Format: Article
Language:Slovak
Subjects:

MARC

LEADER 00000naa a2200000uu 4500
001 vtls010870836
003 SK-MaSNL
005 20260302101658.0
008 220808|1986 xo |||||||||||||||||slo|
035 |a (urnnbn)urn:nbn:sk:snk:ar-00941c 
035 |a (uuid)e3db07e9-3ee4-4bb3-9de6-9fb39b8da92f 
035 |a urn:nbn:sk:snk-aaumik 
040 |a SNKBUCL  |b slo  |c SNKBUCL  |e AACR2 
041 0 |a slo 
044 |a xo  |c SK 
245 0 0 |a Bartal, Juraj  |b právny historik, verejný činiteľ, statkár (2. 4. 1785 Trávnik, okr. Komárno - 20. 9. 1865 Kráľovičove Kračany-Etreove Kračany, okr. Dunajská Streda) 
600 1 7 |a Bartal, Juraj,  |d 1785-1865  |2 snkbucl  |9 303827 
655 7 |a biografické heslá  |2 SNKPH  |9 368942 
773 0 |t Slovenský biografický slovník : (od roku 833 do roku 1990). I. zväzok, A - D  |d Martin : Matica slovenská, 1986  |g S. 153 
954 |a odborná, vedecká literatúra pôvodná (slovenská)  |2 lita 
958 |a OND 
958 |a BX 
958 |a article6 
958 |a chapter 
999 |c 1224708  |d 1226638